[Event "Vojvodina-chT 2nd League"]
[Site "Novi Sad"]
[Date "2018.11.12"]
[Round "5.2"]
[White "Besedes, Danilo"]
[Black "Kovacevic, Djordje"]
[Result "1-0"]
[WhiteElo "2290"]
[BlackElo "2090"]
[PlyCount "135"]
[EventDate "2018.11.09"]
[EventType "team-tourn"]
[EventRounds "11"]
[EventCountry "SRB"]
[SourceTitle "CBM 187 Extra"]
[Source "ChessBase"]
[SourceDate "2018.11.04"]
[SourceVersion "1"]
[SourceVersionDate "2018.11.04"]
[SourceQuality "1"]
[WhiteTeam "Elemir Naftagas"]
[BlackTeam "Stara Pazova"]
[WhiteTeamCountry "SRB"]
[BlackTeamCountry "SRB"]

1. d4 Nf6 2. Nf3 e6 3. c4 d5 4. g3 c5 5. cxd5 Nxd5 6. Bg2 Nc6 7. 0-0 cxd4 8. Nxd4 Nxd4 9. Qxd4 Qb6 10. Qd1 Be7 11. e4 Nb4 12. Nc3 Bd7 13. Be3 Bc5 14. Na4 Bxa4 15. Qxa4+ Nc6 16. Bxc5 Qxc5 17. Rac1 Qb6 18. e5 0-0 19. Bxc6 bxc6 20. b3 Qb5 21. Qe4 Qd5 22. Qe3 Rfd8 23. Rc2 a5 24. Rfc1 Ra6 25. Rc5 Qd7 26. Qc3 Qc7 27. Qc4 Rb6 28. Qa4 Ra6 29. b4 h5 30. Qa3 Qb7 31. bxa5 Rda8 32. R1c4 Qb1+ 33. Kg2 Qd1 34. Qc3 Qd8 35. Ra4 Qd7 36. h3 Rb8 37. Rb4 Rba8 38. Kh2 Qc7 39. Ra4 g6 40. Qd2 Kg7 41. Qb4 Rb8 42. Qf4 Qd8 43. Rd4 Qe7 44. Rd6 Rc8 45. Qd2 Kg8 46. Qf4 Kg7 47. Qd4 Qg5 48. f4 Qf5 49. Qd3 Qxd3 50. Rxd3 Rca8 51. Ra3 Rd8 52. Kg2 Rd5 53. Rxd5 cxd5 54. Kf3 Kf8 55. Ke3 Ke7 56. Kd4 Kd7 57. Kc5 Kc7 58. Kb5 Rc6 59. a6 Rb6+ 60. Ka5 Rb2 61. Rc3+ Kb8 62. Rb3+ Rxb3 63. axb3 Ka7 64. Kb5 d4 65. Kc4 Kxa6 66. Kxd4 Kb5 67. Kc3 Kc5 68. b4+ 1-0

[Event "Vojvodina-chT"]
[Site "Novi Sad"]
[Date "2017.11.16"]
[Round "5.5"]
[White "Kovacevic, Djordje"]
[Black "Remecki, Sinisa"]
[Result "0-1"]
[WhiteElo "2099"]
[BlackElo "2246"]
[PlyCount "84"]
[EventDate "2017.11.13"]
[EventType "team-tourn"]
[EventRounds "11"]
[EventCountry "SRB"]
[SourceTitle "CBM 181 Extra"]
[Source "ChessBase"]
[SourceDate "2017.12.12"]
[SourceVersion "1"]
[SourceVersionDate "2017.12.12"]
[SourceQuality "1"]
[WhiteTeam "Stara Pazova"]
[BlackTeam "Petrovaradin Kraljica"]
[WhiteTeamCountry "SRB"]
[BlackTeamCountry "SRB"]

1. d4 Nf6 2. Nf3 c5 3. d5 b5 4. e4 Nxe4 5. Be2 Qb6 6. 0-0 g6 7. a4 b4 8. a5 Qc7 9. Bc4 Bg7 10. Re1 Nd6 11. Bf4 Bf6 12. Nbd2 0-0 13. Ne4 Bxb2 14. Qe2 Bxa1 15. Rxa1 Qd8 16. Nxd6 exd6 17. Re1 Qf6 18. Bh6 Bb7 19. Bxf8 Kxf8 20. a6 Nxa6 21. Bxa6 Bxd5 22. Nd2 Rb8 23. Qe3 Kg7 24. h3 Rb6 25. Bc4 Be6 26. Bb3 a5 27. Qd3 d5 28. Qe3 Rc6 29. Ba4 Rc8 30. Nb3 d6 31. g4 d4 32. Qe4 h6 33. Rd1 Qg5 34. f4 Qh4 35. Kg2 Bxg4 36. Rh1 Bf5 37. Qf3 Bxc2 38. Ra1 Bxb3 39. Bxb3 c4 40. Qb7 Rc5 41. Ba4 Qxf4 42. Rf1 Rg5+ 0-1

[Event "Vojvodina-chT"]
[Site "Novi Sad"]
[Date "2015.11.10"]
[Round "1.5"]
[White "Tomic, Vjekoslav"]
[Black "Kovacevic, Djordje"]
[Result "1/2-1/2"]
[WhiteElo "2232"]
[BlackElo "2089"]
[PlyCount "102"]
[EventDate "2015.11.10"]
[EventType "team-tourn"]
[EventRounds "9"]
[EventCountry "SRB"]
[SourceTitle "CBM 169 Extra"]
[Source "ChessBase"]
[SourceDate "2015.12.18"]
[SourceVersion "1"]
[SourceVersionDate "2015.12.18"]
[SourceQuality "1"]
[WhiteTeam "Beska Hajduk"]
[BlackTeam "Stara Pazova"]
[WhiteTeamCountry "SRB"]
[BlackTeamCountry "SRB"]

1. e4 Nf6 2. e5 Nd5 3. d4 Nb6 4. Bd3 d5 5. exd6 Qxd6 6. h3 g6 7. Nf3 Bg7 8. 0-0 0-0 9. Nc3 Nc6 10. Ne4 Qd8 11. c3 Bf5 12. Bf4 a5 13. Re1 a4 14. a3 Re8 15. Qc2 Na5 16. Rad1 Nbc4 17. Nfg5 h6 18. Nf3 c6 19. Qe2 b5 20. Ne5 Nd6 21. Qf3 Bxe4 22. Bxe4 Nxe4 23. Rxe4 Qd5 24. Qe2 Nc4 25. Nxc4 Qxc4 26. Qxc4 bxc4 27. d5 Red8 28. Rxe7 cxd5 29. Bc7 Re8 30. Rxe8+ Rxe8 31. Rxd5 Re1+ 32. Kh2 Re2 33. Rb5 Rxf2 34. Rb4 g5 35. Kg3 Rd2 36. Rxa4 Rxb2 37. Rxc4 Rb3 38. a4 Bxc3 39. Kf2 f5 40. Ke2 f4 41. Kd1 Bf6 42. a5 Ra3 43. Rc6 Kf7 44. a6 Bd4 45. Bb8 h5 46. Kc2 Rg3 47. Rc4 Rxg2+ 48. Kb3 Be3 49. Re4 Bg1 50. Re1 Rg3+ 51. Kc2 Rg2+ 1/2-1/2

[Event "Vojvodina-chT 2nd League"]
[Site "Stari Banovci"]
[Date "2013.11.07"]
[Round "6"]
[White "Kovacevic, Djordje"]
[Black "Jovic, Stevan"]
[Result "0-1"]
[WhiteElo "2104"]
[BlackElo "2244"]
[PlyCount "158"]
[EventDate "2013.11.03"]
[EventType "team-tourn"]
[EventRounds "11"]
[EventCountry "SRB"]
[SourceTitle "EXT 2015"]
[Source "ChessBase"]
[SourceDate "2014.11.20"]
[SourceVersion "1"]
[SourceVersionDate "2014.11.20"]
[SourceQuality "1"]

1. c4 c6 2. Nf3 d5 3. cxd5 cxd5 4. d4 Nf6 5. Nc3 Nc6 6. e3 Bf5 7. Bd3 Bxd3 8. Qxd3 e6 9. a3 Bd6 10. b4 0-0 11. h3 Rc8 12. Bb2 Nd7 13. 0-0 f5 14. Na4 Nb6 15. Nc5 Qe7 16. g3 Nc4 17. Bc3 b6 18. Nb3 Nd8 19. Ne5 Qc7 20. Rfc1 Nf7 21. f4 Be7 22. Nd2 Nfd6 23. Nexc4 dxc4 24. Qe2 Qc6 25. Qg2 Qd5 26. h4 Rf6 27. Kf2 Rg6 28. Qf3 a6 29. a4 Ne4+ 30. Nxe4 fxe4 31. Qe2 h5 32. a5 b5 33. Rh1 Rg4 34. Rag1 Qf5 35. Qe1 Rd8 36. Ke2 Rc8 37. Qf2 Qd5 38. Rb1 Rf8 39. Rhd1 Qf5 40. Rh1 Qg6 41. Rhg1 Qf5 42. Rh1 Qd5 43. Rhd1 Kh7 44. Qh2 Qf5 45. Rh1 Rd8 46. Qf2 Rg6 47. Rbg1 Qd5 48. Qe1 Rf8 49. Rf1 Qd7 50. Kd2 Rc8 51. Qe2 Rg4 52. Rb1 Qe8 53. Rhg1 Qg6 54. Qh2 Rf8 55. Rbf1 Qf5 56. Qe2 Rf6 57. Qh2 Qd5 58. Qe2 Rfg6 59. Qf2 Bxb4 60. Bxb4 c3+ 61. Bxc3 b4 62. Bb2 Qa2 63. Kc1 Qxa5 64. Qc2 Qb5 65. Qxe4 a5 66. Qc2 Rxg3 67. Re1 b3 68. Qe4 Qb4 69. Kd1 Kh6 70. Rxg3 Rxg3 71. Qxe6+ Rg6 72. Qd5 a4 73. Qc5 Qb7 74. d5 a3 75. Bxa3 b2 76. Bxb2 Qxb2 77. Qc1 Qb3+ 78. Ke2 Qxd5 79. Rg1 Ra6 0-1

[Event "Vojvodina-chT 2nd League"]
[Site "Stari Banovci"]
[Date "2013.11.04"]
[Round "1"]
[White "Sevo, Dusan"]
[Black "Kovacevic, Djordje"]
[Result "1/2-1/2"]
[WhiteElo "2238"]
[BlackElo "2104"]
[PlyCount "49"]
[EventDate "2013.11.03"]
[EventType "team-tourn"]
[EventRounds "11"]
[EventCountry "SRB"]
[SourceTitle "EXT 2015"]
[Source "ChessBase"]
[SourceDate "2014.11.20"]
[SourceVersion "1"]
[SourceVersionDate "2014.11.20"]
[SourceQuality "1"]

1. g3 d5 2. Bg2 Nf6 3. d3 h6 4. Nf3 Nc6 5. 0-0 e5 6. c4 Be6 7. cxd5 Nxd5 8. a3 a5 9. b3 Bd6 10. Bb2 Qd7 11. Nbd2 Nde7 12. Qc2 0-0 13. Nc4 f6 14. e4 b5 15. Ne3 a4 16. b4 Rac8 17. Rac1 Rfd8 18. Qe2 Qe8 19. Rfd1 Bb3 20. Rd2 Nxb4 21. d4 Nbc6 22. Qxb5 Rb8 23. Qe2 exd4 24. Nxd4 Nxd4 25. Rxd4 1/2-1/2